Widok standardowy
Widok MARC
Pozycja Personal Name
Liczba rekordów, w których użyto hasła: 2
001 - Numer kontrolny
- control field: 39843
003 - Identyfikator numeru kontrolnego
- control field: NUKAT
005 - Data i czas ostatniej modyfikacji
- control field: 20260410215054.0
008 - Dane kontrolne kodowane (40 znaków)
- fixed length control field: 000110n||aaznnbabn |a ana |c
010 ## - Numer kontrolny Biblioteki Kongresu
- numer kontrolny LC: s 01340894
040 ## - Instytucja sporządzająca rekord
- inst. przygot. dane do rek. khw: LUBL U/SA
- język haseł przedmiotowych/tezaurus: kaba
- inst. wprow. rek. khw: LUBL U
- inst. modyf. rek. khw: WA U/BR
100 1# - Hasło - nazwa osobowa
- nazwa osobowa w formie ujednoliconej: Piłsudski, Józef
- daty biograficzne: (1867-1935)
- określnik rzeczowy: zbiory dokumentalne.